[Event "Wch Seniors 65 31st"]
[Site "Terassini"]
[Date "2023.10.26"]
[Round "2"]
[White "Klimaszewski, Dariusz"]
[Black "Renman, Nils Gustaf"]
[Result "0-1"]
[WhiteElo "2081"]
[BlackElo "2324"]
[PlyCount "88"]
[EventDate "2023.10.25"]
[EventType "swiss"]
[EventRounds "11"]
[EventCountry "ITA"]
[SourceTitle "Mega2024 Update 01"]
[Source "Chessbase"]
[SourceDate "2023.11.12"]
[SourceVersion "1"]
[SourceVersionDate "2023.11.12"]
[SourceQuality "1"]

1. e4 e6 2. d3 d5 3. Nd2 Nc6 4. Ngf3 Nf6 5. e5 Nd7 6. d4 f6 7. exf6 Qxf6 8. c3 Bd6 9. Be2 e5 10. dxe5 Ndxe5 11. Nxe5 Nxe5 12. Nf3 c6 13. Be3 0-0 14. Nxe5 Qxe5 15. Qd4 Qe7 16. 0-0 Be6 17. Bg4 Bf7 18. Bf4 Bxf4 19. Qxf4 Bh5 20. Qd4 Bxg4 21. Qxg4 Rae8 22. g3 Qe2 23. Qd4 b6 24. Rad1 Qxb2 25. Rd2 Qb5 26. a4 Qb3 27. Qb4 Qxb4 28. cxb4 Re4 29. b5 Rxa4 30. bxc6 d4 31. Rc1 Rc8 32. c7 Kf7 33. f4 Ke7 34. Re2+ Kd6 35. f5 d3 36. Re6+ Kd7 37. Rd1 Rd4 38. Re3 Rxc7 39. Rdxd3 Rxd3 40. Rxd3+ Kc6 41. Kg2 b5 42. g4 b4 43. Kf3 a5 44. g5 a4 0-1

[Event "Suwalki Warakomska Memorial 7th"]
[Site "Suwalki"]
[Date "2023.08.13"]
[Round "8"]
[White "Malicka, Maria"]
[Black "Klimaszewski, Dariusz"]
[Result "1-0"]
[WhiteElo "2231"]
[BlackElo "2100"]
[PlyCount "83"]
[EventDate "2023.08.07"]
[EventType "swiss"]
[EventRounds "9"]
[EventCountry "POL"]
[SourceTitle "CBM 215 Extra"]
[Source "ChessBase"]
[SourceDate "2023.09.30"]
[SourceVersion "1"]
[SourceVersionDate "2023.09.30"]
[SourceQuality "1"]

1. e4 c5 2. Nf3 Nc6 3. d4 cxd4 4. Nxd4 g6 5. c4 Bg7 6. Be3 Nf6 7. Nc3 Ng4 8. Qxg4 Nxd4 9. Qd1 Ne6 10. Rc1 Qa5 11. Qd2 b6 12. Be2 Bb7 13. f3 Rc8 14. 0-0 g5 15. Rfd1 d6 16. a3 h5 17. Bf1 h4 18. Qf2 Qe5 19. Rc2 0-0 20. Nd5 Bxd5 21. cxd5 Rxc2 22. Qxc2 Nf4 23. Bd4 Qxd4+ 24. Rxd4 Bxd4+ 25. Kh1 a5 26. Qd2 Bf6 27. Bb5 Kg7 28. b3 Nh5 29. Qe3 Rb8 30. Kg1 Kh6 31. Kf1 Bb2 32. a4 f6 33. Qd3 Ba3 34. Bc6 Bc5 35. Qa6 Rg8 36. Qb7 Rg7 37. Qc8 f5 38. Qh8+ Rh7 39. Qf8+ Rg7 40. exf5 Nf6 41. Be8 Nxe8 42. Qh8+ 1-0

[Event "Suwalki Warakomska Memorial 7th"]
[Site "Suwalki"]
[Date "2023.08.10"]
[Round "5"]
[White "Klimaszewski, Dariusz"]
[Black "Rozycki, Bartlomiej"]
[Result "1/2-1/2"]
[WhiteElo "2100"]
[BlackElo "2195"]
[PlyCount "104"]
[EventDate "2023.08.07"]
[EventType "swiss"]
[EventRounds "9"]
[EventCountry "POL"]
[SourceTitle "CBM 215 Extra"]
[Source "ChessBase"]
[SourceDate "2023.09.30"]
[SourceVersion "1"]
[SourceVersionDate "2023.09.30"]
[SourceQuality "1"]

1. e4 e5 2. Nf3 Nc6 3. d4 exd4 4. Nxd4 Bc5 5. Nb3 Bb6 6. Nc3 Nf6 7. Qe2 0-0 8. Be3 d5 9. Bxb6 axb6 10. 0-0-0 Re8 11. Nxd5 Nxe4 12. f3 Nd6 13. Qd2 Rxa2 14. Nxc7 Qxc7 15. Qxd6 Qxd6 16. Rxd6 Re1+ 17. Rd1 Rxd1+ 18. Kxd1 Be6 19. Nc1 Rxb2 20. Bd3 f5 21. Re1 Kf7 22. Kd2 b5 23. Ne2 Kf6 24. Nf4 Bf7 25. Kc3 Rb4 26. g3 g5 27. Ng2 Ra4 28. Ne3 b4+ 29. Kb2 Ra2+ 30. Kb1 Nd4 31. f4 g4 32. Rd1 b3 33. cxb3 Bxb3 34. Bc4 Bxd1 35. Kxa2 Bf3 36. Kb2 Be4 37. Bf1 Ke6 38. Kc3 Nc6 39. Bc4+ Kd6 40. Bg8 h6 41. Bh7 Ne7 42. Nxg4 h5 43. Nf6 Bf3 44. Ng8 Nd5+ 45. Kd4 Ke6 46. Nh6 Ne7 47. Kc5 Bg2 48. Ng8 Nc8 49. Bg6 Bf3 50. Be8 b6+ 51. Kd4 Nd6 52. Ba4 Nc8 1/2-1/2

[Event "Suwalki Warakomska Memorial 7th"]
[Site "Suwalki"]
[Date "2023.08.09"]
[Round "3"]
[White "Klimaszewski, Dariusz"]
[Black "Czernek, Tymon"]
[Result "0-1"]
[WhiteElo "2100"]
[BlackElo "2288"]
[PlyCount "50"]
[EventDate "2023.08.07"]
[EventType "swiss"]
[EventRounds "9"]
[EventCountry "POL"]
[SourceTitle "CBM 215 Extra"]
[Source "ChessBase"]
[SourceDate "2023.09.30"]
[SourceVersion "1"]
[SourceVersionDate "2023.09.30"]
[SourceQuality "1"]

1. e4 c5 2. Nf3 d6 3. d3 Nc6 4. g3 g6 5. Bg2 Bg7 6. 0-0 e5 7. c3 Nge7 8. a3 0-0 9. b4 a6 10. Nbd2 h6 11. Nb3 b6 12. Bb2 Be6 13. Re1 Qd7 14. Rb1 f5 15. exf5 Bxf5 16. Rc1 Bg4 17. Nbd2 Rf7 18. h3 Bxh3 19. Bxh3 Qxh3 20. Rf1 Raf8 21. Nh2 Rxf2 22. Rxf2 Rxf2 23. Kxf2 Qxh2+ 24. Kf3 e4+ 25. Nxe4 Ne5+ 0-1

[Event "Vilnius op-B"]
[Site "Vilnius"]
[Date "2023.07.05"]
[Round "1"]
[White "Klimaszewski, Dariusz"]
[Black "Pazarauskas, Sarunas"]
[Result "1/2-1/2"]
[WhiteElo "2116"]
[BlackElo "1403"]
[PlyCount "117"]
[EventDate "2023.07.05"]
[EventType "swiss"]
[EventRounds "9"]
[EventCountry "LTU"]
[SourceTitle "EXT 2024"]
[Source "ChessBase"]
[SourceDate "2023.10.10"]
[SourceVersion "1"]
[SourceVersionDate "2023.10.10"]
[SourceQuality "1"]

1. e4 c6 2. d4 d5 3. exd5 cxd5 4. Bd3 Nf6 5. Nf3 Bg4 6. 0-0 e6 7. Bf4 Be7 8. Nbd2 0-0 9. h3 Bh5 10. Qe1 Nbd7 11. Ne5 Nxe5 12. dxe5 Nd7 13. Nb3 Nc5 14. Nxc5 Bxc5 15. b4 Be7 16. c4 dxc4 17. Be4 Rb8 18. Be3 b6 19. Qc3 Qc7 20. b5 Bg6 21. Bc6 Bd3 22. Rfe1 a5 23. a3 h6 24. f4 Bh4 25. Red1 Rfd8 26. Kh2 Be2 27. Rd4 Be7 28. Qe1 Bd3 29. Qf2 Rxd4 30. Bxd4 Qa7 31. Qe3 Qc7 32. g3 Qd8 33. Ra2 Bb1 34. Rd2 Bd3 35. a4 Bb4 36. Rf2 Ba3 37. Rg2 Bc1 38. Qg1 Ba3 39. Ra2 Bb4 40. Qe3 Bb1 41. Rg2 Bd3 42. g4 Bf1 43. Rf2 Bd3 44. f5 Qg5 45. fxe6 Qxe3 46. exf7+ Kf8 47. Bxe3 c3 48. Bc1 Bc4 49. Bd7 Bb3 50. e6 Bxa4 51. Bf4 c2 52. Rxc2 Bxc2 53. Bxb8 a4 54. Be5 a3 55. Kg2 Be7 56. Kf3 a2 57. Ke3 Bf6 58. Bd6+ Be7 59. Be5 1/2-1/2

[Event "Wch Seniors 50 30th"]
[Site "Assisi"]
[Date "2022.11.16"]
[Round "2"]
[White "Terentiev, Sergei"]
[Black "Klimaszewski, Dariusz"]
[Result "1-0"]
[WhiteElo "2274"]
[BlackElo "2112"]
[PlyCount "141"]
[EventDate "2022.11.15"]
[EventType "swiss"]
[EventRounds "11"]
[EventCountry "ITA"]
[SourceTitle "CBM 211 Extra"]
[Source "ChessBase"]
[SourceDate "2023.01.31"]
[SourceVersion "1"]
[SourceVersionDate "2023.01.31"]
[SourceQuality "1"]

1. c4 Nf6 2. Nf3 g6 3. Nc3 Bg7 4. e4 d6 5. Be2 0-0 6. 0-0 e5 7. h3 Nc6 8. d3 Nd4 9. Be3 Ne8 10. Qd2 c6 11. Nh2 f5 12. exf5 Bxf5 13. Bg4 Qd7 14. Bxd4 exd4 15. Ne4 d5 16. cxd5 Qxd5 17. Bf3 Bxe4 18. Bxe4 Qb5 19. a4 Qb3 20. Ra3 Qf7 21. Bf3 a5 22. Rc1 Be5 23. Re1 Bd6 24. Ng4 Kh8 25. Raa1 Bb4 26. Qh6 Bxe1 27. Ne5 Qg7 28. Nxg6+ Kg8 29. Qxg7+ Nxg7 30. Nxf8 Bxf2+ 31. Kxf2 Kxf8 32. Be4 h6 33. Rc1 Ke7 34. Kg3 Ne6 35. Bf5 Rg8+ 36. Kf3 Rf8 37. Ke4 Ng5+ 38. Ke5 Rd8 39. Rc5 Nf7+ 40. Kf4 Ra8 41. Bg4 Kd6 42. Rf5 Ke7 43. Bh5 Nd8 44. Ke4 Ne6 45. Ke5 Nd8 46. Kxd4 b6 47. Bf3 Ra7 48. Rh5 Rd7+ 49. Kc4 Rd6 50. d4 Ne6 51. Rxh6 Rxd4+ 52. Kc3 c5 53. b3 Rb4 54. Bd5 Nf4 55. Bc4 Nxg2 56. Re6+ Kf8 57. Re4 b5 58. axb5 a4 59. bxa4 Rxa4 60. Bd5 Ra3+ 61. Kb2 Rd3 62. Bc6 c4 63. Rxc4 Ne3 64. Rb4 Rd2+ 65. Kc3 Rd6 66. Rf4+ Kg7 67. Rf3 Re6 68. Kd4 Nc2+ 69. Kc5 Re5+ 70. Kd6 Rg5 71. Rf4 1-0

[Event "EU-ch Seniors 50 21st"]
[Site "Lublin"]
[Date "2022.07.07"]
[Round "3"]
[White "Krzyzanowska Zadlo, Lidia"]
[Black "Klimaszewski, Dariusz"]
[Result "0-1"]
[WhiteElo "1732"]
[BlackElo "2096"]
[PlyCount "64"]
[EventDate "2022.07.05"]
[EventType "swiss"]
[EventRounds "9"]
[EventCountry "POL"]
[SourceTitle "CBM 209 Extra"]
[Source "ChessBase"]
[SourceDate "2022.09.30"]
[SourceVersion "1"]
[SourceVersionDate "2022.09.30"]
[SourceQuality "1"]

1. e4 c5 2. d4 cxd4 3. c3 dxc3 4. Nxc3 e6 5. Nf3 Bc5 6. Bc4 Ne7 7. 0-0 a6 8. Bf4 Ng6 9. Bg3 b5 10. Bb3 Bb7 11. Qe2 0-0 12. Rac1 d6 13. Rfd1 Qe7 14. h4 Nc6 15. e5 Ngxe5 16. Nxe5 Nxe5 17. Ne4 Bxe4 18. Qxe4 f5 19. Qe2 f4 20. Rxc5 fxg3 21. Rxe5 gxf2+ 22. Kf1 dxe5 23. Qxe5 Qxh4 24. Qxe6+ Kh8 25. Qh3 Qxh3 26. gxh3 Rae8 27. Bc2 g6 28. Bd3 Re3 29. Be2 Rxh3 30. Kg2 Re3 31. Bf1 h5 32. Rd2 h4 0-1

[Event "POL-ch Seniors"]
[Site "Szklarska Poreba"]
[Date "2022.05.15"]
[Round "2"]
[White "Klimaszewski, Dariusz"]
[Black "Kot, Jerzy"]
[Result "1-0"]
[WhiteElo "2086"]
[BlackElo "1827"]
[PlyCount "63"]
[EventDate "2022.05.13"]
[EventType "swiss"]
[EventRounds "9"]
[EventCountry "POL"]
[SourceTitle "EXT 2024"]
[Source "ChessBase"]
[SourceDate "2023.10.10"]
[SourceVersion "1"]
[SourceVersionDate "2023.10.10"]
[SourceQuality "1"]

1. e4 c5 2. Nf3 d6 3. d3 g6 4. g3 Bg7 5. Bg2 Nc6 6. 0-0 Nf6 7. h3 0-0 8. Re1 Bd7 9. c3 Qc8 10. Kh2 Ne8 11. Be3 e5 12. d4 b6 13. Na3 f5 14. dxe5 dxe5 15. exf5 gxf5 16. Ng5 e4 17. Qd5+ Kh8 18. Nf7+ Rxf7 19. Qxf7 Be6 20. Qh5 Ne5 21. Red1 Nf6 22. Qe2 Qg8 23. b3 Rf8 24. Rac1 Qf7 25. Rd6 Nd5 26. Qd2 Nd3 27. Rc2 f4 28. gxf4 N5xf4 29. Bxf4 Nxf4 30. Bxe4 Be5 31. Kh1 Nxh3 32. Rxe6 1-0

[Event "Bialystok Zamenhof Memorial 38th"]
[Site "Bialystok"]
[Date "2019.12.30"]
[Round "7"]
[White "Zaura, Vidmantas"]
[Black "Klimaszewski, Dariusz"]
[Result "1/2-1/2"]
[WhiteElo "2141"]
[BlackElo "2084"]
[PlyCount "52"]
[EventDate "2019.12.27"]
[EventType "swiss"]
[EventRounds "9"]
[EventCountry "POL"]
[SourceTitle "CBM 194 Extra"]
[Source "ChessBase"]
[SourceDate "2020.03.31"]
[SourceVersion "1"]
[SourceVersionDate "2020.03.31"]
[SourceQuality "1"]

1. Nf3 Nf6 2. g3 g6 3. Bg2 Bg7 4. c4 0-0 5. 0-0 c5 6. Nc3 Nc6 7. d4 cxd4 8. Nxd4 Nxd4 9. Qxd4 d6 10. Qd3 a6 11. Be3 Rb8 12. Bd4 Bd7 13. h3 Bc6 14. e4 Nd7 15. Bxg7 Kxg7 16. Qd4+ Kg8 17. Rfe1 b5 18. cxb5 Bxb5 19. Nxb5 Rxb5 20. b4 Qb8 21. a3 a5 22. Bf1 Rb7 23. bxa5 Nc5 24. a6 Rb6 25. Qe3 Nxa6 26. e5 dxe5 1/2-1/2

[Event "Rubinstein Memorial-B 55th"]
[Site "Polanica Zdroj"]
[Date "2019.08.25"]
[Round "9"]
[White "Fainberg, Boris"]
[Black "Klimaszewski, Dariusz"]
[Result "1-0"]
[WhiteElo "2030"]
[BlackElo "2152"]
[PlyCount "61"]
[EventDate "2019.08.17"]
[EventType "swiss"]
[EventRounds "9"]
[EventCountry "POL"]
[SourceTitle "EXT 2020"]
[Source "ChessBase"]
[SourceDate "2019.10.17"]
[SourceVersion "1"]
[SourceVersionDate "2019.10.17"]
[SourceQuality "1"]

1. d4 b5 2. Nf3 e6 3. e4 a6 4. Bd3 Bb7 5. 0-0 c5 6. c3 Nf6 7. Re1 d6 8. Nbd2 Nfd7 9. Nf1 Be7 10. a4 bxa4 11. Qxa4 0-0 12. Ng3 g6 13. Qd1 Nc6 14. dxc5 Nxc5 15. Bc2 a5 16. Nd4 Nxd4 17. cxd4 Nd7 18. Bd2 Bf6 19. Bc3 Nb8 20. Qd2 Nc6 21. Ne2 Qb6 22. d5 Bxc3 23. bxc3 Ne5 24. Reb1 Qa7 25. Qd4 exd5 26. exd5 Nd7 27. Ba4 Nc5 28. Bc6 Bxc6 29. dxc6 Qc7 30. Nf4 Ne6 31. Nxe6 1-0

[Event "Rubinstein Memorial-B 55th"]
[Site "Polanica Zdroj"]
[Date "2019.08.20"]
[Round "4"]
[White "Galyga, Jozef"]
[Black "Klimaszewski, Dariusz"]
[Result "1/2-1/2"]
[WhiteElo "1754"]
[BlackElo "2152"]
[PlyCount "83"]
[EventDate "2019.08.17"]
[EventType "swiss"]
[EventRounds "9"]
[EventCountry "POL"]
[SourceTitle "EXT 2020"]
[Source "ChessBase"]
[SourceDate "2019.10.17"]
[SourceVersion "1"]
[SourceVersionDate "2019.10.17"]
[SourceQuality "1"]

1. Nf3 Nf6 2. b3 g6 3. Bb2 Bg7 4. e3 0-0 5. Be2 d6 6. 0-0 e5 7. d3 Nc6 8. Nbd2 Ne8 9. d4 exd4 10. exd4 Ne7 11. Re1 Nf5 12. Nf1 d5 13. Ne5 Ned6 14. c4 Be6 15. c5 Nc8 16. Bd3 Nce7 17. g4 Nh4 18. Ng3 Nc6 19. f4 Nxe5 20. dxe5 f5 21. g5 h6 22. gxh6 Bxh6 23. Rf1 Kh7 24. Bd4 Rg8 25. Kh1 Qe7 26. Qe2 c6 27. Rf2 Rh8 28. b4 a6 29. a4 Kg7 30. Rg1 Kf8 31. Rb1 Kg7 32. Rg1 Kh7 33. Qc2 Rhf8 34. Qb1 Rf7 35. Qc2 Rg8 36. Qb1 Ra8 37. Qc2 Kh8 38. Qb1 Rh7 39. Qc2 Bg7 40. Qb1 Rf8 41. Qd1 g5 42. Nh5 1/2-1/2

[Event "Bialystok Zamenhof Memorial-B 36th"]
[Site "Bialystok"]
[Date "2017.12.28"]
[Round "4"]
[White "Klimaszewski, Dariusz"]
[Black "Dzida, Kamil"]
[Result "1/2-1/2"]
[WhiteElo "2148"]
[BlackElo "1801"]
[PlyCount "57"]
[EventDate "2017.12.27"]
[EventType "swiss"]
[EventRounds "9"]
[EventCountry "POL"]
[SourceTitle "CBM 182 Extra"]
[Source "ChessBase"]
[SourceDate "2018.02.23"]
[SourceVersion "1"]
[SourceVersionDate "2018.02.23"]
[SourceQuality "1"]

1. e4 c5 2. Nf3 d6 3. Bb5+ Bd7 4. Bxd7+ Qxd7 5. 0-0 Nc6 6. b3 Nf6 7. Qe2 g6 8. Bb2 Bg7 9. c4 0-0 10. d4 cxd4 11. Nxd4 Rac8 12. Rd1 Rfd8 13. Nc3 Nxd4 14. Rxd4 a6 15. a4 Qc7 16. Nd5 Nxd5 17. Rxd5 e6 18. Rd3 Bxb2 19. Qxb2 Qc6 20. Re1 b5 21. cxb5 axb5 22. axb5 Qxb5 23. Qd2 Rb8 24. h4 d5 25. h5 Qb4 26. hxg6 hxg6 27. exd5 Qxd2 28. Rxd2 Rxd5 29. Rxd5 1/2-1/2

[Event "Bialystok Zamenhof Memorial-B 36th"]
[Site "Bialystok"]
[Date "2017.12.28"]
[Round "3"]
[White "Wikar, Martyna"]
[Black "Klimaszewski, Dariusz"]
[Result "0-1"]
[WhiteElo "1880"]
[BlackElo "2148"]
[PlyCount "86"]
[EventDate "2017.12.27"]
[EventType "swiss"]
[EventRounds "9"]
[EventCountry "POL"]
[SourceTitle "CBM 182 Extra"]
[Source "ChessBase"]
[SourceDate "2018.02.23"]
[SourceVersion "1"]
[SourceVersionDate "2018.02.23"]
[SourceQuality "1"]

1. d4 Nf6 2. Nc3 d5 3. Bg5 e6 4. e4 dxe4 5. Nxe4 Be7 6. Bxf6 Bxf6 7. c3 0-0 8. Nf3 Nd7 9. Bd3 e5 10. 0-0 exd4 11. Nxf6+ Qxf6 12. Nxd4 c5 13. Nf3 Ne5 14. Nxe5 Qxe5 15. Re1 Qc7 16. Qh5 g6 17. Qh6 Be6 18. Bxg6 hxg6 19. Re4 Rfd8 20. Rae1 Rd5 21. Rh4 Rh5 22. Rxh5 gxh5 23. Qxh5 Qf4 24. Re3 Qf5 25. Qd1 Kf8 26. Qd6+ Ke8 27. Rd3 Qg5 28. f4 Qd8 29. Qxd8+ Rxd8 30. Rxd8+ Kxd8 31. a3 Ke7 32. Kf2 Kd6 33. Ke3 Kd5 34. h3 f5 35. Kd3 a5 36. g3 b6 37. c4+ Kd6 38. a4 Ke7 39. b3 Kf6 40. Ke3 Kg6 41. Kf3 Kh5 42. g4+ Kh4 43. g5 Kxh3 0-1

[Event "Bialystok Zamenhof Memorial 35th"]
[Site "Bialystok"]
[Date "2016.12.29"]
[Round "5"]
[White "Malicka, Maria"]
[Black "Klimaszewski, Dariusz"]
[Result "0-1"]
[WhiteElo "1901"]
[BlackElo "2161"]
[PlyCount "96"]
[EventDate "2016.12.27"]
[EventType "swiss (rapid)"]
[EventRounds "9"]
[EventCountry "POL"]
[SourceTitle "CBM 176 Extra"]
[Source "ChessBase"]
[SourceDate "2017.03.02"]
[SourceVersion "1"]
[SourceVersionDate "2017.03.02"]
[SourceQuality "1"]

1. e4 c5 2. Nf3 Nc6 3. Bb5 g6 4. Bxc6 bxc6 5. Nc3 Bg7 6. d3 d6 7. h3 e5 8. Be3 Ne7 9. 0-0 0-0 10. Qd2 f5 11. exf5 gxf5 12. Bh6 Ng6 13. Bxg7 Kxg7 14. Qg5 Be6 15. b3 h6 16. Qxd8 Raxd8 17. Rae1 Rg8 18. Nd2 Kf7 19. Kh2 Rg7 20. g3 Rdg8 21. Re2 h5 22. Nf3 h4 23. Ng5+ Kf6 24. Nxe6 Kxe6 25. Rg1 hxg3+ 26. Rxg3 Nh4 27. Nb1 Nf3+ 28. Kg2 Nd4 29. Rd2 f4 30. Rxg7 Rxg7+ 31. Kh1 d5 32. c3 Nf3 33. Rd1 Kf5 34. Nd2 Nxd2 35. Rxd2 e4 36. dxe4+ Kxe4 37. Re2+ Kf3 38. Re6 d4 39. Rd6 Ke4 40. cxd4 cxd4 41. Rxc6 Rd7 42. Kg2 d3 43. Re6+ Kd4 44. Re1 Kc3 45. Rc1+ Kb2 46. Rd1 Kc2 47. Re1 d2 48. Re2 Kc1 0-1

[Event "Bialystok Zamenhof Memorial 35th"]
[Site "Bialystok"]
[Date "2016.12.28"]
[Round "4"]
[White "Klimaszewski, Dariusz"]
[Black "Ocytko, Andrzej"]
[Result "1/2-1/2"]
[WhiteElo "2161"]
[BlackElo "2110"]
[PlyCount "44"]
[EventDate "2016.12.27"]
[EventType "swiss (rapid)"]
[EventRounds "9"]
[EventCountry "POL"]
[SourceTitle "CBM 176 Extra"]
[Source "ChessBase"]
[SourceDate "2017.03.02"]
[SourceVersion "1"]
[SourceVersionDate "2017.03.02"]
[SourceQuality "1"]

1. e4 c6 2. d4 d5 3. exd5 cxd5 4. Bd3 Nc6 5. c4 Nf6 6. Nf3 Bg4 7. h3 Bh5 8. 0-0 e6 9. Nbd2 Bd6 10. Re1 Qc7 11. Nf1 0-0-0 12. Be2 Kb8 13. Ne5 Bxe2 14. Nxc6+ Qxc6 15. Rxe2 h6 16. Be3 Ne4 17. f3 Ng3 18. Nxg3 Bxg3 19. Qd2 Bc7 20. Bf4 Bxf4 21. Qxf4+ Qc7 22. Qxc7+ Kxc7 1/2-1/2

[Event "Bialystok Spring qual"]
[Site "Bialystok"]
[Date "2014.??.??"]
[Round "7"]
[White "Klimaszewski, Dariusz"]
[Black "Filewicz, Przemyslaw"]
[Result "0-1"]
[WhiteElo "2178"]
[BlackElo "1921"]
[PlyCount "40"]
[EventDate "2014.04.??"]
[EventType "swiss"]
[EventRounds "9"]
[EventCountry "POL"]
[SourceTitle "EXT 2016"]
[Source "ChessBase"]
[SourceDate "2015.10.08"]
[SourceVersion "1"]
[SourceVersionDate "2015.10.08"]
[SourceQuality "1"]

1. e4 d5 2. exd5 Qxd5 3. Nc3 Qd8 4. d4 Nf6 5. h3 e6 6. Nf3 a6 7. Be3 b6 8. Bd3 Bb7 9. 0-0 Nbd7 10. Re1 Bd6 11. Ng5 h6 12. Nge4 Be7 13. Bf4 Nxe4 14. Nxe4 Nf6 15. c3 Nxe4 16. Bxe4 Bxe4 17. Rxe4 Bd6 18. Be3 0-0 19. Qh5 Qf6 20. g4 Qf3 0-1

[Event "Bialystok Spring qual"]
[Site "Bialystok"]
[Date "2014.??.??"]
[Round "1"]
[White "Klimaszewski, Dariusz"]
[Black "Widelski, Kacper"]
[Result "1-0"]
[WhiteElo "2178"]
[BlackElo "1653"]
[PlyCount "53"]
[EventDate "2014.04.??"]
[EventType "swiss"]
[EventRounds "9"]
[EventCountry "POL"]
[SourceTitle "EXT 2016"]
[Source "ChessBase"]
[SourceDate "2015.10.08"]
[SourceVersion "1"]
[SourceVersionDate "2015.10.08"]
[SourceQuality "1"]

1. e4 c5 2. Nc3 Nc6 3. Nge2 g6 4. d4 cxd4 5. Nxd4 Bg7 6. Be3 Nf6 7. Bc4 0-0 8. 0-0 d6 9. h3 Bd7 10. Qd2 Ne5 11. Bb3 b5 12. f4 Nc4 13. Bxc4 bxc4 14. e5 Ne8 15. Nf3 Bc6 16. Rad1 Qa5 17. Nd5 Qxd5 18. Qxd5 Bxd5 19. Rxd5 Rb8 20. b3 cxb3 21. cxb3 Nc7 22. Ra5 dxe5 23. fxe5 Rb7 24. Rd1 Nb5 25. Rd3 Rc8 26. a4 Nc3 27. Rc5 1-0

[Event "Bialystok Spring qual"]
[Site "Bialystok"]
[Date "2014.??.??"]
[Round "6"]
[White "Pytel, Maciej"]
[Black "Klimaszewski, Dariusz"]
[Result "0-1"]
[WhiteElo "1652"]
[BlackElo "2178"]
[PlyCount "50"]
[EventDate "2014.04.??"]
[EventType "swiss"]
[EventRounds "9"]
[EventCountry "POL"]
[SourceTitle "EXT 2016"]
[Source "ChessBase"]
[SourceDate "2015.10.08"]
[SourceVersion "1"]
[SourceVersionDate "2015.10.08"]
[SourceQuality "1"]

1. e4 c5 2. Nf3 Nc6 3. d4 cxd4 4. Nxd4 Nf6 5. Nc3 e5 6. Nb3 a5 7. a4 Bb4 8. Bd3 d5 9. exd5 Nxd5 10. Bd2 Nxc3 11. bxc3 Bd6 12. 0-0 0-0 13. Be3 Ne7 14. Nd2 Nf5 15. Nc4 Nxe3 16. fxe3 Bc7 17. Qf3 Ra6 18. Rad1 Qe7 19. Qe4 Rh6 20. g3 Qc5 21. Be2 Be6 22. Rb1 f5 23. Qxb7 Bxc4 24. Bxc4+ Qxc4 25. Qb3 Rc6 0-1

[Event "Bialystok op"]
[Site "Bialystok"]
[Date "2013.11.02"]
[Round "1"]
[White "Kondrusik, Aleksander"]
[Black "Klimaszewski, Dariusz"]
[Result "0-1"]
[WhiteElo "1539"]
[BlackElo "2189"]
[PlyCount "56"]
[EventDate "2013.11.02"]
[EventType "swiss"]
[EventRounds "9"]
[EventCountry "POL"]
[SourceTitle "CBM 157 Extra"]
[Source "ChessBase"]
[SourceDate "2013.12.19"]
[SourceVersion "1"]
[SourceVersionDate "2013.12.19"]
[SourceQuality "1"]

1. e4 c5 2. Nc3 Nc6 3. Nf3 g6 4. d4 cxd4 5. Nxd4 Bg7 6. Nxc6 bxc6 7. Bd3 Nf6 8. Be3 0-0 9. 0-0 d5 10. exd5 cxd5 11. Ne2 Ng4 12. Bc1 e5 13. c3 f5 14. h3 Nf6 15. Bg5 f4 16. Nxf4 exf4 17. Bxf4 Ne4 18. Be3 Be6 19. Qc2 Qh4 20. Bxe4 dxe4 21. Rad1 Bc4 22. Rfe1 Bd3 23. Qa4 Qe7 24. Bd4 Bxd4 25. Qxd4 Rad8 26. Qe3 Qf7 27. a3 a5 28. Rd2 Rd5 0-1

[Event "Bialystok Bieluczyk Memorial 5th"]
[Site "Bialystok"]
[Date "2013.??.??"]
[Round "8"]
[White "Borawski, Jakub"]
[Black "Klimaszewski, Dariusz"]
[Result "1/2-1/2"]
[WhiteElo "2000"]
[BlackElo "2212"]
[PlyCount "69"]
[EventDate "2013.06.29"]
[EventType "swiss"]
[EventRounds "9"]
[EventCountry "POL"]
[SourceTitle "CBM 155 Extra"]
[Source "ChessBase"]
[SourceDate "2013.08.26"]
[SourceVersion "1"]
[SourceVersionDate "2013.08.26"]
[SourceQuality "1"]

1. e4 c5 2. Nf3 Nc6 3. d4 cxd4 4. Nxd4 g6 5. c4 Bg7 6. Be3 Nf6 7. Nc3 Ng4 8. Qxg4 Nxd4 9. Qd1 Ne6 10. Qd2 0-0 11. Bd3 d6 12. 0-0 Nc5 13. Bc2 a5 14. Rad1 b6 15. Bd4 Bxd4 16. Qxd4 Bb7 17. e5 dxe5 18. Qxe5 Qe8 19. Rfe1 e6 20. Rd6 Bc6 21. Be4 Bxe4 22. Nxe4 Nxe4 23. Qxe4 Rb8 24. Qd4 Qa4 25. Rxb6 Qxa2 26. c5 Rbc8 27. c6 Rfd8 28. Qc3 Rd6 29. h3 Qd5 30. Rc1 e5 31. b4 axb4 32. Qxb4 Rdxc6 33. Rcxc6 Rxc6 34. Rxc6 Qxc6 35. Qb8+ 1/2-1/2

[Event "Bialystok Bieluczyk Memorial 5th"]
[Site "Bialystok"]
[Date "2013.??.??"]
[Round "5"]
[White "Burakowska, Gabriela"]
[Black "Klimaszewski, Dariusz"]
[Result "0-1"]
[WhiteElo "1668"]
[BlackElo "2212"]
[PlyCount "86"]
[EventDate "2013.06.29"]
[EventType "swiss"]
[EventRounds "9"]
[EventCountry "POL"]
[SourceTitle "CBM 155 Extra"]
[Source "ChessBase"]
[SourceDate "2013.08.26"]
[SourceVersion "1"]
[SourceVersionDate "2013.08.26"]
[SourceQuality "1"]

1. d4 b5 2. e4 Bb7 3. Bxb5 Bxe4 4. Nf3 Nf6 5. Nc3 Bb7 6. 0-0 e6 7. Bg5 Be7 8. Re1 0-0 9. Qe2 d6 10. Rad1 Nbd7 11. Ba6 Qb8 12. Bc1 d5 13. Bxb7 Qxb7 14. Ne5 c5 15. Nxd7 Nxd7 16. Qg4 Bf6 17. dxc5 Nxc5 18. Qf3 Rfc8 19. g4 h6 20. Qg3 Qb6 21. Re2 Qa6 22. Rde1 Bxc3 23. Qxc3 Qxa2 24. h4 Qa4 25. Qh3 Ne4 26. f3 Nd6 27. b3 Qa5 28. g5 Rxc2 29. g6 Rxe2 30. gxf7+ Nxf7 31. Rxe2 Qa1 32. Re1 Qd4+ 33. Kh1 e5 34. Rg1 e4 35. fxe4 Qxe4+ 36. Rg2 Re8 37. Bb2 d4 38. Kh2 Ne5 39. Qg3 Re7 40. Bc1 h5 41. Ba3 Rf7 42. Bd6 Nf3+ 43. Kh1 Qb1+ 0-1

[Event "POL-ch U16"]
[Site "Zakopane"]
[Date "2001.01.26"]
[Round "11"]
[White "Kosmowski, Piotr"]
[Black "Klimaszewski, Dariusz"]
[Result "1/2-1/2"]
[WhiteElo "2075"]
[BlackElo "2168"]
[PlyCount "39"]
[EventDate "2001.01.16"]
[EventType "swiss"]
[EventRounds "11"]
[EventCountry "POL"]
[SourceTitle "EXT 2002"]
[Source "ChessBase"]
[SourceDate "2001.11.25"]
[SourceVersion "1"]
[SourceVersionDate "2001.11.25"]
[SourceQuality "1"]

1. e4 e6 2. d4 d5 3. exd5 exd5 4. Bd3 Bd6 5. Ne2 Nf6 6. 0-0 0-0 7. Bf4 Bg4 8. f3 Bh5 9. c3 Bg6 10. Bxg6 hxg6 11. Qb3 Bxf4 12. Nxf4 Qd6 13. Nd3 Nbd7 14. Nd2 a5 15. Rae1 a4 16. Qb4 Qxb4 17. Nxb4 Rfe8 18. Kf2 Kf8 19. Nd3 Rxe1 20. Rxe1 1/2-1/2